Random Countries in a Crazy World Mouse Hunt! - Statistics

General Stats
  • This quiz has been taken 8,048 times
  • The average score is 6 of 10
Answers on the Map
Answers color-coded by a green-red scale on the quiz's map according to % correct below.
 
Answer Stats
Country % Correct
United States
97%
Australia
96%
Canada
96%
Russia
96%
India
94%
China
92%
Egypt
92%
United Kingdom
92%
Indonesia
91%
Argentina
89%
Chile
89%
South Africa
89%
Brazil
88%
Kazakhstan
88%
Mexico
88%
Thailand
88%
France
86%
Mongolia
86%
Japan
85%
Turkey
85%
Algeria
84%
Norway
84%
Cuba
81%
Greece
81%
Philippines
81%
Ethiopia
80%
Myanmar
80%
Sweden
80%
Mali
79%
Senegal
79%
Croatia
78%
Israel
78%
Saudi Arabia
78%
Morocco
76%
New Zealand
76%
Italy
75%
Libya
75%
Papua New Guinea
75%
Somalia
75%
Austria
74%
Bangladesh
74%
Cyprus
74%
Sri Lanka
74%
Zambia
74%
Democratic Republic of the Congo
73%
Iceland
73%
Namibia
73%
Pakistan
73%
Spain
73%
Madagascar
72%
Mozambique
72%
Niger
72%
Peru
72%
Switzerland
72%
Benin
71%
Vietnam
71%
Angola
70%
Chad
69%
Iran
69%
Portugal
69%
Laos
68%
Mauritania
68%
Venezuela
68%
Yemen
68%
Germany
67%
Tunisia
67%
Ukraine
67%
Uzbekistan
67%
Ghana
66%
Malawi
66%
Malaysia
66%
Gabon
65%
Jordan
65%
Oman
65%
Cameroon
64%
Haiti
64%
Panama
64%
Bosnia and Herzegovina
63%
Sudan
63%
Kyrgyzstan
62%
Nepal
61%
Moldova
60%
Nigeria
60%
Albania
59%
Ivory Coast
59%
Latvia
59%
Nicaragua
59%
Taiwan
59%
Finland
58%
Republic of the Congo
58%
South Korea
58%
Afghanistan
57%
Colombia
57%
Denmark
57%
Gambia
57%
Guatemala
57%
Hungary
57%
Poland
57%
Romania
57%
Syria
57%
Belarus
56%
Bolivia
56%
Eritrea
56%
Iraq
56%
Ireland
56%
North Korea
56%
Turkmenistan
56%
Ecuador
55%
Guyana
55%
Kenya
55%
Kosovo
55%
Paraguay
55%
Bulgaria
54%
Czech Republic
54%
Serbia
54%
Slovakia
54%
Tanzania
54%
Togo
54%
Guinea
53%
Netherlands
53%
Trinidad and Tobago
53%
Azerbaijan
52%
Central African Republic
52%
Estonia
52%
North Macedonia
52%
Burkina Faso
51%
Georgia
51%
Lithuania
51%
Equatorial Guinea
50%
Tajikistan
50%
United Arab Emirates
50%
Zimbabwe
50%
Dominican Republic
48%
Bahamas
47%
Belize
47%
Belgium
46%
Solomon Islands
46%
Botswana
45%
Costa Rica
45%
Kuwait
45%
South Sudan
45%
Djibouti
44%
Liberia
44%
Slovenia
40%
Honduras
39%
Uruguay
39%
Guinea-Bissau
38%
Lebanon
35%
Vanuatu
35%
Cambodia
33%
Sierra Leone
33%
Uganda
33%
Suriname
32%
Armenia
30%
East Timor
30%
Bhutan
29%
Burundi
29%
Cape Verde
28%
Fiji
28%
Jamaica
27%
Rwanda
27%
Lesotho
26%
Brunei
25%
El Salvador
25%
Qatar
24%
Eswatini
21%
No matching quizzes found
Score Distribution
Percent of People with Each Score
Percentile by Number Answered
Your Score History
You have not taken this quiz